000 00601pam a2200193 a 4500
001 2069874
005 20260304101419.0
008 940810s1994 miu b 000 0 eng
020 _a0825440726
_qpbk.
020 _a9780825440724
_q(pbk.)
050 0 0 _aBS511.2
_b.V58 1994
082 0 0 _a220.6
_220
245 0 0 _aVital biblical issues :
_bexamining problem passages of the Bible /
_cRoy B. Zuck, general editor.
260 _aGrand Rapids, MI :
_bKregel Resources,
_cc1994.
300 _a276 p. ;
_c22 cm.
440 4 _aThe vital issues series ;
_vv. 3
700 1 _aZuck, Roy B.
942 _2lcc
_cBK
_n0
999 _c8854
_d8854